|
|
|
|
| LEADER |
01316cam a2200325Ia 4500 |
| 001 |
9780203462539 |
| 003 |
FlBoTFG |
| 005 |
20091230162920.0 |
| 006 |
a|||||s||||||||||| |
| 007 |
cr|||| |
| 008 |
991202s2000 enkf sb 001 0 eng d |
| 020 |
|
|
|a 9780203462539 (e-book : PDF)
|
| 040 |
|
|
|a FlBoTFG
|c FlBoTFG
|d GrThAP
|
| 090 |
|
|
|a B177
|b .S65 2000
|
| 092 |
|
|
|a 180
|b S675
|
| 100 |
1 |
|
|a Snyder, H. Gregory,
|d 1959-
|
| 245 |
1 |
0 |
|a Teachers and texts in the ancient world
|h [electronic resource] :
|b philosophers, Jews, and Christians /
|c H. Gregory Snyder.
|
| 260 |
|
|
|a London ;
|a New York :
|b Routledge,
|c 2000.
|
| 300 |
|
|
|a xv, 325 p., [3] p. of plates.
|
| 490 |
1 |
|
|a Religion in the first Christian centuries
|
| 504 |
|
|
|a Includes bibliographical references (p. 290-319) and index.
|
| 530 |
|
|
|a Also available in print edition.
|b CRC Press (http://www.crcpress.com)
|
| 538 |
|
|
|a Mode of access: World Wide Web.
|
| 650 |
|
0 |
|a Philosophy
|x Study and teaching
|x History
|y To 1500.
|
| 650 |
|
0 |
|a Jewish religious education
|x History
|y To 1500.
|
| 650 |
|
0 |
|a Christian education
|x History
|y Early church, ca. 30-600.
|
| 655 |
|
7 |
|a Electronic books.
|2 lcsh
|
| 776 |
1 |
|
|z 9780415217651
|
| 830 |
|
0 |
|a Religion in the first Christian centuries.
|
| 856 |
4 |
0 |
|u http://www.tandfebooks.com/isbn/9780203462539
|z Full Text via HEAL-Link
|